000 01281nam a22002177a 4500
999 _c63170
_d63170
003 Ge_BSU
005 20250617114826.0
008 250617s2024 ge ||||| |||| 00| 0 geo d
020 _a9789941221293
041 _ageo
080 _a338.22(075.8 ) ს-21
100 _aსამადაშვილი, უშანგი
_96430
245 _aბიზნესის საფუძვლები = Bases of business :
_bთეორია, დედააზრი ჩანართით, პრაქტიკუმი, სამეცნიერო-კვლევითი ნაშრომების თემატიკა : [სახელმძღვ.] /
_cუშანგი სამადაშვილი; რედ. თ. შენგელია.
250 _aმეშვიდე გამოცემა, გადამუშავებული, დამატებებით
264 _aთბ. :
_bუნივერსალი,
_c2024.
300 _a604 გვ. :
_bცხრ. ;
_c25 სმ.
504 _aბიბლიოგრ.: გვ. 600-604.
653 _aბიზნესის საფუძვლები
700 _aშენგელია, თ.
_eრედაქტორი
_96431
942 _2udc
_cᲬᲘᲒᲜᲘ